Dopady brexitu na postavenie SR v EÚ diplomová práca

Na minha lista:
Detalhes bibliográficos
Autor principal: Usenko, Dmytro
Autor Corporativo: Obchodná fakulta EU. Katedra medzinárodného obchodu
Outros Autores: Krajčíková, Andrea
Formato: Livro
Idioma:eslovaco
Publicado em: Bratislava 2020
Tags: Adicionar Tag
Sem tags, seja o primeiro a adicionar uma tag!

MARC

LEADER 00000nbm a2200000 4500
001 0266242
005 20201008083948.3
041 0 |a slo 
044 |a SK 
245 1 0 |a Dopady brexitu na postavenie SR v EÚ  |b diplomová práca  |c Dmytro Usenko ; školiteľ: Andrea Krajčíková 
264 1 |a Bratislava  |c 2020 
300 |a 70 s. 
100 1 |a Usenko, Dmytro 
700 1 |a Krajčíková, Andrea 
710 2 |a Obchodná fakulta EU. Katedra medzinárodného obchodu